00890pam a2200241 a 4500020003200000040000800032082002600040100002800066245009200094260004300186300003400229650001400263650002100277650001400298650001500312650002100327700002500348856006200373856005400435942000700489999001700496952013500513 a0070359733 (acidfree paper) cDLC00a305 MCG 1999 A013 Or.1 aKottak, Conrad Phillip.10aOn being different :bdiversity and multiculturalism in the North American mainstream / aBoston :bMcGraw-Hill College,cc1999. axxi, 329 p. :bill. ;c23 cm. 0aEthnology 0aMulticulturalism 0aEthnicity 0aMinorities 0aSocial structure1 aKozaitis, Kathryn A.42uhttp://www.loc.gov/catdir/description/mh023/98008621.html41uhttp://www.loc.gov/catdir/toc/mh022/98008621.html cEK c13147d13147 0010406305_000000000000000_MCG_1999_A064_OR70963376aLBAbLBAcA064d2017-08-20o305 MCG 1999 A064 Or.pA13530r2017-08-20yEK